Overenie možností predĺženia živostnosti elektród určených na bodové odporové zváranie pozinkovaných plechov povlakmi na báze TiB2

Saved in:
Bibliographic Details
Main Author: Kurbel, Michal (Author)
Other Authors: Sejč, Pavol (Thesis advisor)
Format: Manuscript Book
Language:Slovak
Published: 2015
Subjects:
Online Access:http://is.stuba.sk/zp/portal_zp.pl?podrobnosti=112801
Tags: Add Tag
No Tags, Be the first to tag this record!

MARC

LEADER 00000ntm a22000003a 4500
001 stuzp53119
003 SK-STU
005 20160719154403.2
007 ta
008 150427s2015----xo-----f-mn---000-0-slo-d
040 |a STU  |b slo 
041 0 |a slo 
100 1 |a Kurbel, Michal  |u 020050  |4 aut  |U SjF Strojnícka fakulta  |T SjF Ústav technológií a materiálov  |X 65678  |U J0050  |Y 803  |7 65678 
242 0 1 |a Verification of possibility of electrodes lifetime extension for point resistance welding process of zinc-coated metal plates of coating based on TiB2  |y eng 
245 1 0 |a Overenie možností predĺženia živostnosti elektród určených na bodové odporové zváranie pozinkovaných plechov povlakmi na báze TiB2 
260 |c 2015 
650 4 |a zvariteľnosť  |2 slo 
650 4 |a pozinkovaný plech  |2 slo 
650 4 |a elektro-iskrové nanášanie  |2 slo 
650 4 |a životnosť  |2 slo 
650 4 |a odporové bodové zváranie  |2 slo 
650 4 |a point resistance welding process  |2 eng 
650 4 |a welding property  |2 eng 
650 4 |a zinc-coated metal plate  |2 eng 
650 4 |a spark erosion deposition  |2 eng 
650 4 |a lifetime  |2 eng 
700 1 |a Sejč, Pavol  |4 ths  |X 2300  |7 A000002300 
856 4 |u http://is.stuba.sk/zp/portal_zp.pl?podrobnosti=112801 
996 |b 284J043804  |c J* 2094/DP  |l JJSK  |s A  |a 24  |w stuzp53119_0001 
SQL |a stuzp53119  |b DDP  |c SLO  |d Overenie možností predĺženia živostnosti elektród určených na bodové odporové zváranie pozinkovaných plechov povlakmi na báze TiB2  |e 65678  |f Kurbel, Michal  |g 020050  |h 2300  |i Sejč, Pavol  |j 20150617  |k 60  |l 02  |m http://is.stuba.sk/zp/portal_zp.pl?podrobnosti=112801  |n I-STAM  |o 5.2.51. výrobné technológie